[Event "tournoi de Maitres 2009"]
[Site "?"]
[Date "2009.04.01"]
[Round "7"]
[White "Coursaget, Nicolas"]
[Black "Lefebvre, Hervé"]
[Result "1-0"]
[WhiteElo "2303"]
[BlackElo "2246"]
[PlyCount "66"]
[EventDate "2009.??.??"]

1. d4 Nf6 2. c4 g6 3. Nc3 Bg7 4. e4 d6 5. h3 c5 6. d5 e6 7. Nf3 exd5 8. cxd5 a6
9. a4 Nbd7 10. Bd3 Nh5 11. g4 Nhf6 12. Bf4 Qe7 13. Qe2 Ng8 14. Be3 h5 15. g5
Ne5 16. Nxe5 Bxe5 17. f4 Bg7 18. a5 Qc7 19. f5 Be5 20. f6 h4 21. Qd2 Bg3+ 22.
Kd1 Bd7 23. Na4 O-O-O 24. Nb6+ Kb8 25. Rc1 Re8 26. b4 Bb5 27. bxc5 dxc5 28.
Bxb5 axb5 29. Bxc5 Nxf6 30. gxf6 Rxe4 31. d6 Qd8 32. Qd5 Rhe8 33. a6 Bf2 1-0

[Event "tournoi de Maitres 2009"]
[Site "?"]
[Date "2009.04.02"]
[Round "8"]
[White "Leconte, Maria"]
[Black "Payen, Arnaud"]
[Result "1/2-1/2"]
[WhiteElo "2334"]
[BlackElo "2364"]
[PlyCount "27"]
[EventDate "2009.??.??"]

1. e4 e5 2. Nf3 Nc6 3. Nc3 Nf6 4. Bb5 d6 5. d4 Bd7 6. O-O Be7 7. Re1 exd4 8.
Nxd4 Nxd4 9. Bxd7+ Nxd7 10. Qxd4 O-O 11. Nd5 Bf6 12. Nxf6+ Qxf6 13. Qxf6 Nxf6
14. Bg5 1/2-1/2

[Event "tournoi de Maitres 2009"]
[Site "?"]
[Date "2009.04.02"]
[Round "8"]
[White "Vojinovic, Jovana"]
[Black "Coursaget, Nicolas"]
[Result "1/2-1/2"]
[WhiteElo "2331"]
[BlackElo "2303"]
[PlyCount "30"]
[EventDate "2009.??.??"]

1. d4 d5 2. c4 c6 3. cxd5 cxd5 4. Bf4 Nc6 5. e3 Nf6 6. Nc3 a6 7. Bd3 e6 8. Rc1
Bd7 9. Nf3 Rc8 10. h3 Be7 11. O-O Na5 12. Ne5 O-O 13. Nxd7 Qxd7 14. Qa4 Nc4 15.
Qxd7 Nxd7 1/2-1/2

[Event "tournoi de Maitres 2009"]
[Site "?"]
[Date "2009.04.02"]
[Round "8"]
[White "Lefebvre, Hervé"]
[Black "Colin, Vincent"]
[Result "0-1"]
[WhiteElo "2246"]
[BlackElo "2415"]
[PlyCount "46"]
[EventDate "2009.??.??"]

1. e4 c5 2. Nf3 Nf6 3. e5 Nd5 4. c3 Nc6 5. d4 cxd4 6. cxd4 d6 7. Bc4 e6 8. O-O
Be7 9. Qe2 O-O 10. Nc3 dxe5 11. dxe5 Nxc3 12. bxc3 Qc7 13. Qe4 b6 14. Bd3 g6
15. Bh6 Rd8 16. Rad1 Bb7 17. Qf4 Rd7 18. Rfe1 Rad8 19. Ng5 Nxe5 20. Rxe5 Bd6
21. Bg7 Kxg7 22. Qh4 Bxe5 23. Qxh7+ Kf8 0-1

[Event "tournoi de Maitres 2009"]
[Site "?"]
[Date "2009.04.02"]
[Round "8"]
[White "Picard, Romain"]
[Black "Sandalakis, Angelos"]
[Result "1/2-1/2"]
[WhiteElo "2394"]
[BlackElo "2372"]
[PlyCount "39"]
[EventDate "2009.??.??"]

1. e4 c5 2. Nf3 e6 3. d4 cxd4 4. Nxd4 a6 5. Be2 Qc7 6. O-O Nc6 7. Be3 Nf6 8.
Nc3 d6 9. a4 Be7 10. f4 O-O 11. Kh1 Re8 12. a5 Nxa5 13. e5 dxe5 14. fxe5 Qxe5
15. Bf4 Qc5 16. Na4 Qa7 17. Be3 b6 18. Bd3 Qc7 19. Qf3 Rb8 20. Nxb6 1/2-1/2

[Event "tournoi de Maitres 2009"]
[Site "?"]
[Date "2009.04.02"]
[Round "8"]
[White "Geenen, Marc"]
[Black "Vojinovic, Goran"]
[Result "1/2-1/2"]
[WhiteElo "2333"]
[BlackElo "2465"]
[PlyCount "35"]
[EventDate "2009.??.??"]

1. e4 c5 2. Nf3 Nc6 3. d4 cxd4 4. Nxd4 Qc7 5. Nc3 e6 6. Be3 a6 7. f4 Nxd4 8.
Qxd4 b5 9. O-O-O Bb7 10. Bd3 Nf6 11. e5 Nd5 12. Ne4 Nxe3 13. Qxe3 Rc8 14. Kb1
Bc5 15. Qxc5 Qxc5 16. Nxc5 Rxc5 17. Rd2 Ke7 18. Rhd1 1/2-1/2

[Event "tournoi de Maitres 2009"]
[Site "?"]
[Date "2009.04.03"]
[Round "9"]
[White "Payen, Arnaud"]
[Black "Lefebvre, Hervé"]
[Result "1/2-1/2"]
[WhiteElo "2364"]
[BlackElo "2246"]
[PlyCount "36"]
[EventDate "2009.??.??"]

1. e4 e5 2. Nc3 Nf6 3. f4 d5 4. fxe5 Nxe4 5. d3 Bb4 6. dxe4 Bxc3+ 7. bxc3 Qh4+
8. Ke2 Bg4+ 9. Nf3 dxe4 10. Qd4 Bh5 11. Kd2 Qg4 12. h3 Qf4+ 13. Ke1 Qg3+ 14.
Qf2 Qxf2+ 15. Kxf2 exf3 16. gxf3 Nd7 17. Bd3 Bg6 18. f4 Nc5 1/2-1/2

[Event "tournoi de Maitres 2009"]
[Site "?"]
[Date "2009.04.03"]
[Round "9"]
[White "Colin, Vincent"]
[Black "Vojinovic, Jovana"]
[Result "0-1"]
[WhiteElo "2415"]
[BlackElo "2331"]
[PlyCount "62"]
[EventDate "2009.??.??"]

1. d4 Nf6 2. c4 g6 3. Nc3 Bg7 4. e4 d6 5. f4 O-O 6. Nf3 Na6 7. e5 Nd7 8. h4 c5
9. d5 dxe5 10. h5 exf4 11. Bxf4 Nf6 12. Bd3 Nb4 13. Bb1 Bg4 14. hxg6 fxg6 15.
Qd2 Nh5 16. Bh6 Qc7 17. Ne4 Bxh6 18. Qxh6 Qf4 19. Qxf4 Nxf4 20. Ne5 Nxg2+ 21.
Kd2 Bf5 22. Nxc5 Bxb1 23. Rhxb1 Rac8 24. Nxb7 Rf2+ 25. Kc3 Nxd5+ 26. Kd4 Rd2+
27. Nd3 Nb4 28. Rd1 Rxd3+ 29. Rxd3 Nc2+ 30. Kc3 Nxa1 31. Rd1 Ne3 0-1

[Event "tournoi de Maitres 2009"]
[Site "?"]
[Date "2009.04.07"]
[Round "9"]
[White "Vojinovic, Goran"]
[Black "Leconte, Maria"]
[Result "1/2-1/2"]
[WhiteElo "2465"]
[BlackElo "2334"]
[PlyCount "94"]
[EventDate "2009.??.??"]

1. d4 Nf6 2. c4 e6 3. Nf3 b6 4. g3 Ba6 5. Nbd2 Be7 6. Bg2 O-O 7. O-O d5 8. cxd5
exd5 9. Ne5 c5 10. dxc5 bxc5 11. b3 Qc7 12. Bb2 Nbd7 13. Nxd7 Qxd7 14. Rc1 Rac8
15. Re1 Rfd8 16. e3 Bd3 17. e4 dxe4 18. Nxe4 Qf5 19. Nd2 Bf8 20. Qf3 Qxf3 21.
Bxf3 Nd5 22. a3 Nb6 23. Nc4 Bf5 24. Na5 Rd2 25. Bc3 Ra2 26. Ra1 Rxa1 27. Rxa1
c4 28. b4 Rd8 29. Rc1 Be6 30. Nc6 Rd7 31. Bd4 Nc8 32. Be3 Rd3 33. a4 Ra3 34. a5
a6 35. Kg2 Rb3 36. Nd4 Rxb4 37. Nxe6 fxe6 38. Bd2 Rb2 39. Be1 Nd6 40. Kf1 Ra2
41. Be2 Ra4 42. Bd1 Ra2 43. Bf3 Be7 44. Be2 Ra4 45. Bd1 Ra2 46. Be2 Ra4 47. Bd1
Ra2 1/2-1/2

[Event "tournoi de Maitres 2009"]
[Site "?"]
[Date "2009.04.03"]
[Round "9"]
[White "Coursaget, Nicolas"]
[Black "Picard, Romain"]
[Result "0-1"]
[WhiteElo "2303"]
[BlackElo "2394"]
[PlyCount "74"]
[EventDate "2009.??.??"]

1. d4 Nf6 2. c4 g6 3. Nc3 d5 4. cxd5 Nxd5 5. e4 Nxc3 6. bxc3 Bg7 7. Bc4 O-O 8.
Ne2 Qd7 9. O-O b6 10. Qd3 Bb7 11. f4 Nc6 12. a4 Na5 13. Ba2 c5 14. Be3 e6 15.
Qc2 Rac8 16. dxc5 bxc5 17. Ng3 Ba6 18. Rfd1 Qc6 19. e5 Rcd8 20. c4 Bb7 21. Rdb1
a6 22. Rb2 Rd7 23. Rab1 Rfd8 24. Nf1 Bf8 25. Rb6 Qc8 26. Qb2 Be4 27. Rb8 Qc7
28. Rxd8 Qxd8 29. Re1 Ba8 30. Qf2 Qc7 31. Nd2 Qc6 32. Bb3 Rxd2 33. Qxd2 Nxb3
34. Qa2 Nd4 35. Qf2 Qxa4 36. Bxd4 cxd4 37. Qxd4 Qc2 0-1